| 000 | 01229cam a22002891i 4500 | ||
|---|---|---|---|
| 001 | gs 35000230 | ||
| 003 | DLC | ||
| 005 | 20260227111340.0 | ||
| 008 | 790626s1935 dcua f000 0 eng | ||
| 010 | _ags 35000230 | ||
| 035 | _a(OCoLC)5108910 | ||
| 040 |
_aDLC _cNFredU _dDLC |
||
| 042 | _apremarc | ||
| 050 | 0 | 0 |
_aTN24.C6 _bL785 no. 178 |
| 100 | 1 |
_aLovering, T. S. _q(Thomas Seward), _d1896-1991. |
|
| 245 | 1 | 0 |
_aGeology and ore deposits of the Montezuma Quadrangle, Colorado _c/ by T. S. Lovering. Prepared in cooperation with the State of Colorado, Colorado Metal Mining Fund, Colorado Mining Association, and Geological Survey Board of Colorado. |
| 260 |
_aWashington : _bU.S. Govt. Print. Off., _c1935. |
||
| 300 |
_aix, 119 p. : _bill. 40 pl. (part fold.; incl. maps (3 in pocket) plans, profile, tables (1 fold.)) ; _c29 cm. |
||
| 410 | 2 | 0 |
_aGeological Survey (U.S.). _tProfessional papers ; _v178 |
| 500 | _aAt head of title: United States Department of the Interior. | ||
| 650 | 0 |
_aGeology _zColorado. |
|
| 650 | 0 |
_aOre deposits _zColorado. |
|
| 710 | 2 | _aColorado Geological Survey | |
| 710 | 2 | _aColorado State Metal Mining Fund. | |
| 710 | 2 | _aColorado Mining Association. | |
| 740 | 0 | _aMontezuma quadrangle. | |
| 999 |
_c27210 _d27210 |
||